Ročenka University Komenského za studijní rok ...
| Format: | Serial |
|---|---|
| Language: | Czech Slovak French |
| PhysicalDescription: | 19 zv. 22 cm |
| Published: |
Bratislava
Akademický senát UK
1919-1937
|
| Subjects: |
MARC
| LEADER | 00000cas a2200000 a 4500 | ||
|---|---|---|---|
| 001 | vtls001456756 | ||
| 003 | SK-MaSNL | ||
| 005 | 20260228160716.0 | ||
| 008 | 030716d19191937xo ar 0 0b0cze | ||
| 035 | |a SNK000412063 | ||
| 040 | |a SNK |b slo |c SNK |e AACR2 | ||
| 041 | 0 | |a cze |a slo |a fre | |
| 043 | |a e-xo--- | ||
| 044 | |a xo |c SK | ||
| 072 | 7 | |a 378 |x Vysoké školy |2 konspekt | |
| 080 | |a 378.4 |2 2011 | ||
| 080 | |a 050 |2 2011 | ||
| 080 | |a (058) |2 2011 | ||
| 080 | |a (437.6) |2 2011 | ||
| 245 | 0 | 0 | |a Ročenka University Komenského |b za studijní rok ... |
| 246 | 1 | 3 | |a Annuaire de l'Université Komensky |
| 246 | 1 | 3 | |a Ročenka University Komenského za studijní rok ... |
| 246 | 1 | 3 | |a Annuaire de l'Université Komensky pour l'année ... |
| 260 | |a Bratislava |b Akademický senát UK |c 1919-1937 | ||
| 300 | |a 19 zv. |c 22 cm | ||
| 310 | |a 1x ročne | ||
| 362 | 0 | |a 1919-1937 |z SKP | |
| 500 | |a Súčasťou názvu je označenie roka | ||
| 500 | |a Ročenka za r.1919-24 vyšla r.1925, ročenka za r.1936/37 r.1938 | ||
| 610 | 2 | 7 | |a Univerzita Komenského v Bratislave |2 SNKPH |9 221617 |
| 650 | 0 | 7 | |a univerzity |2 SNKPH |9 22152 |
| 655 | 7 | |a ročenky |2 SNKPH |9 57146 | |
| 910 | |a snk | ||
| 999 | |c 3435 |d 5365 | ||
| 952 | |0 0 |1 0 |4 0 |7 0 |8 3 |a SNK |b SNK |d 2004-08-26 |i snkK 3739/65 |l 0 |o snkČSC 251/1927-1928 D1 |p 17A0440706 |r 2005-01-02 00:00:00 |w 2026-02-21 |y PREZ | ||
| 952 | |0 0 |1 0 |4 0 |7 0 |8 3 |a SNK |b SNK |d 2004-08-26 |i snkK 3741/65 |l 0 |o snkČSC 251/1928-1929 D1 |p 17A0440704 |r 2005-01-02 00:00:00 |w 2026-02-21 |y PREZ | ||
| 952 | |0 0 |1 0 |4 0 |7 0 |8 3 |a SNK |b SNK |d 2004-08-26 |i snkK 3740/65 |l 0 |o snkČSC 251/1933-1934 D1 |p 17A0440705 |r 2005-01-02 00:00:00 |w 2026-02-21 |y PREZ | ||
| 952 | |0 0 |1 0 |4 0 |7 0 |a SNK |b SNK |d 2004-08-26 |i snkI. 2402/49 |l 0 |o snkČSC 251/1935-1936 D1 |p 17A0440720 |r 2005-01-02 00:00:00 |w 2026-02-21 |y PREZ | ||
| 952 | |0 0 |1 0 |4 0 |7 0 |8 5 |a SNK |b SNK |d 2003-11-28 |i snkF 89/66 |l 0 |o snkČSC 251/1934-1935 |p 17A0406762 |r 2005-01-02 00:00:00 |w 2026-02-21 |y PREZ | ||
| 952 | |0 0 |1 0 |4 0 |7 0 |a SNK |b SNK |d 2010-08-04 |i snkI. 1539/53 |l 0 |o snkČSC 251/1952 |p 17A0655045 |r 2026-02-21 19:54:04 |w 2026-02-21 |y PREZ | ||
| 952 | |0 0 |1 0 |4 0 |7 0 |8 5 |a SNK |b SNK |d 2003-11-28 |i snkF 1017/83 |l 0 |o snkČSC 251/1933-1934 D2 |p 17A0406768 |r 2005-01-02 00:00:00 |w 2026-02-21 |y PREZ | ||
| 952 | |0 0 |1 0 |3 rekatalogizácia |4 0 |7 0 |8 5 |a SNK |b SNK |d 2005-03-10 |i snkF 6/67 |l 0 |o snkČSC 251/1919-1924 D1 |p 17A0459909 |r 2026-02-21 21:20:30 |w 2026-02-21 |y PREZ | ||
| 952 | |0 0 |1 0 |4 0 |7 0 |8 5 |a SNK |b SNK |d 2005-03-10 |i snkF 7/67 |l 0 |o snkČSC 251/1924-1925 D1 |p 17A0459923 |r 2026-02-21 21:20:30 |w 2026-02-21 |y PREZ | ||
| 952 | |0 0 |1 0 |4 0 |7 0 |a SNK |b SNK |d 2005-03-10 |i snkVI. 965/55 |l 0 |o snkČSC 251/1925-1926 D1 |p 17A0459903 |r 2026-02-21 21:20:30 |w 2026-02-21 |y PREZ | ||
| 952 | |0 0 |1 0 |4 0 |7 0 |8 5 |a SNK |b SNK |d 2005-03-10 |i snkF 1977/84 |l 0 |o snkČSC 251/1926-1927 D2 |p 17A0459906 |r 2026-02-21 21:20:30 |w 2026-02-21 |y PREZ | ||
| 952 | |0 0 |1 0 |4 0 |7 0 |8 5 |a SNK |b SNK |d 2005-03-10 |i snkF 1978/84 |l 0 |o snkČSC 251/1927-1928 D2 |p 17A0459908 |r 2026-02-21 21:20:30 |w 2026-02-21 |y PREZ | ||
| 952 | |0 0 |1 0 |4 0 |7 0 |8 3 |a SNK |b SNK |d 2003-07-16 |i snkK 1373/67 |l 0 |o snkČSC 251/1919-1924 |p 17A0388597 |r 2005-01-02 00:00:00 |w 2026-02-21 |y PREZ | ||


